| 000 | 01201cam a22002055a 4500 | ||
|---|---|---|---|
| 001 | L150072 | ||
| 008 | 100528e2010 xxk 000 0 eng d | ||
| 035 | _a(Sirsi) u150072 | ||
| 041 | 0 | _aeng | |
| 100 | 1 | _aThomas, Daniel | |
| 245 | 0 | 0 | _aBanks in business |
| 260 | _c2010 | ||
| 490 | 0 |
_aProperty Week _v76(20) 21 May 2010, 32-35(4) |
|
| 520 | _aAnalysis in De Montfort University's 2010 report on the lending patterns of 59 large-scale commercial property lenders operating within the UK for the year ending 31 December 2009 shows banks are back in the commercial lending business but are only just recognising the extent of the legacy problems from lending strategies in the previous boom. Total property lending to commercial property and social housing reached £247.7bn and outstanding bank debt secured by UK commercial property rose by 1.2% to £228 3bn in 2009, the lowest increase on record. The total market size is now estimated to be as large as £306bn. | ||
| 590 | _aKA | ||
| 650 | 2 | 4 | _aDE MONTFORT UNIVERSITY UK COMMERICAL PROPERTY LENDING MARKET |
| 651 | 4 |
_aUnited Kingdom _y |
|
| 690 | _aPROPERTY-COMMERCIAL PROPERTY-COMMERCIAL PROPERTY FINANCE AND INVESTMENT | ||
| 942 | _n0 | ||
| 999 |
_c82384 _d82384 |
||